Đại số sơ cấp và thực hành giải toán

Сохранить в:
Библиографические подробности
Главный автор: Hoàng, Kỳ
Другие авторы: Hoàng, Thanh Hà
Формат:
Язык:Undetermined
Опубликовано: H. ĐHSP 2005
Предметы:
Online-ссылка:http://lrc.tdmu.edu.vn/opac/search/detail.asp?aID=2&ID=5733
Метки: Добавить метку
Нет меток, Требуется 1-ая метка записи!
Thư viện lưu trữ: Trung tâm Học liệu Trường Đại học Thủ Dầu Một
LEADER 00611nam a2200205Ia 4500
001 TDMU_5733
008 210410s9999 xx 000 0 und d
082 |a 512 
090 |b H407 
100 |a Hoàng, Kỳ 
245 0 |a Đại số sơ cấp và thực hành giải toán 
245 0 |c Hoàng Kỳ 
260 |a H. 
260 |b ĐHSP 
260 |c 2005 
300 |a 436tr. 
650 |a Đại số  |x Sơ cấp 
700 |a Hoàng, Thanh Hà 
856 |u http://lrc.tdmu.edu.vn/opac/search/detail.asp?aID=2&ID=5733 
980 |a Trung tâm Học liệu Trường Đại học Thủ Dầu Một